000 00584nam a22002177a 4500
003 OSt
005 20150128110845.0
008 150128b xxu||||| |||| 00| 0 eng d
020 _a84-348-1262-2
040 _cBMC
082 _a808.068083
100 1 _aPosadas, Carmen
_930748
245 1 0 _aKiwi
_cCarmen de Posadas ; ilustraciones de Antonio Tello
250 _a14ยช ed
260 _aMadrid
_bSM
_c1994
300 _a61 p.
_bil.
_c19 cm
490 _aEl barco de vapor
650 2 4 _929811
_aCuentos infantiles
700 1 _aTello, Antonio
_930713
942 _2ddc
_cBK
_hahoj
999 _c17802
_d17802